Аутсорсинг бизнес-процессов: теория, методика, эффективность (Запись № 12865851)

Подробности
000 -МАРКЕР
контрольное поле 03342nam0a2200445 4500
001 - ИДЕНТИФИКАТОР ЗАПИСИ
контрольное поле RU\NLR\BIBL_A\016264349
005 - ИДЕНТИФИКАТОР ВЕРСИИ
контрольное поле 20230407154645.0
010 ## - МЕЖДУНАРОДНЫЙ СТАНДАРТНЫЙ НОМЕР КНИГИ (ISBN)
Номер (ISBN) 978-5-6048876-9-1
Тираж 300
021 ## - НОМЕР ГОСУДАРСТВЕННОЙ РЕГИСТРАЦИИ
Код страны Российская Федерация
Номер КН-П-22-088917
Номер Листа государственной регистраци КН-П-22-7899
035 ## - ДРУГИЕ СИСТЕМНЫЕ НОМЕРА
Идентификатор записи (NLR Aleph) 016264349
035 ## - ДРУГИЕ СИСТЕМНЫЕ НОМЕРА
Идентификатор записи (RuMoRGB)011475308
100 ## - ДАННЫЕ ОБЩЕЙ ОБРАБОТКИ
Данные общей обработки 20230120d2022 u y0rusy50 ca
101 0# - ЯЗЫК РЕСУРСА
Язык текста, звукозаписи и т.д. русский
102 ## - СТРАНА ПУБЛИКАЦИИ ИЛИ ПРОИЗВОДСТВА
Страна публикации Российская Федерация
105 ## - ПОЛЕ КОДИРОВАННЫХ ДАННЫХ: ТЕКСТОВЫЕ МАТЕРИАЛЫ, МОНОГРАФИЧЕСКИЕ
Кодированные данные о монографическом текстовом документе y z 000zy
181 #0 - ПОЛЕ КОДИРОВАННЫХ ДАННЫХ: ВИД СОДЕРЖАНИЯ
Код вида содержания (ISBD) i
Код характеристики содержания (ISBD) axxe
182 #0 - ПОЛЕ КОДИРОВАННЫХ ДАННЫХ: ТИП СРЕДСТВА
Код типа средства (ISBD) n - непосредственное
200 1# - ЗАГЛАВИЕ И СВЕДЕНИЯ ОБ ОТВЕТСТВЕННОСТИ
Основное заглавие Аутсорсинг бизнес-процессов: теория, методика, эффективность
Сведения, относящиеся к заглавию (на примере предприятий лесопромышленного комплекса)
-- монография
Первые сведения об ответственности д. э. н., профессор Н. А. Алексеева, к. э. н., доцент В. А. Соколов, к. э. н., доцент З. А. Миронова [и др.]
Последующие сведения об ответственности под общей редакцией Н. А. Алексеевой
-- Министерство сельского хозяйства Российской Федерации, Федеральное государственное бюджетное образовательное учреждение высшего образования "Ижевская государственная сельскохозяйственная академия"
203 ## - ВИД СОДЕРЖАНИЯ И ТИП СРЕДСТВА
Вид содержания Текст
Дополнительные сведения об издании визуальный
Тип средства непосредственный
210 ## - ПУБЛИКАЦИЯ, РАСПРОСТРАНЕНИЕ И ДР.
Место издания, распространения и т.д. Ижевск
Имя издателя, распространителя и т. д. Ижевская ГСХА
Дата издания, распространения и т.д. 2022
215 ## - ФИЗИЧЕСКАЯ ХАРАКТЕРИСТИКА
Специфическое обозначение материала и объем 90 с.
Размеры 20
300 ## - ОБЩИЕ ПРИМЕЧАНИЯ
Текст примечания Авт. указаны на обороте тит. с.
320 ## - ПРИМЕЧАНИЯ О НАЛИЧИИ В ДОКУМЕНТЕ БИБЛИОГРАФИИ / УКАЗАТЕЛЯ
Текст примечания Библиогр.: с. 71-82 (136 назв.)
330 ## - РЕЗЮМЕ ИЛИ РЕФЕРАТ
Текст примечания Изложены методологические положения, методики анализа и передачи в аутсорсинг бизнес-процессов, апробированные на примере предприятия лесопромышленного комплекса Удмуртской Республики, которые будут интересны ученым-исследователям, преподавателям, аспирантам, студентам, предпринимателям, представителям власти и другим заинтересованным лицам
606 1# - НАИМЕНОВАНИЕ ТЕМЫ КАК ПРЕДМЕТ
Наименование темы Лесопромышленные комплексы
Тематический подзаголовок Предприятия
-- Аутсорсинг
Системный номер авторитетной/нормативной записи 2549478
Идентификатор авторитетной/нормативной записи RU\NLR\AUTH\6601721923
606 1# - НАИМЕНОВАНИЕ ТЕМЫ КАК ПРЕДМЕТ
Наименование темы Аутсорсинг
Системный номер авторитетной/нормативной записи 2310588
Идентификатор авторитетной/нормативной записи RU\NLR\AUTH\661382875
686 1# - ИНДЕКСЫ ДРУГИХ КЛАССИФИКАЦИЙ
Индекс У34(0)1-434
686 1# - ИНДЕКСЫ ДРУГИХ КЛАССИФИКАЦИЙ
Индекс У30(0)61-591
686 1# - ИНДЕКСЫ ДРУГИХ КЛАССИФИКАЦИЙ
Индекс У29(0)-43
701 #1 - ИМЯ ЛИЦА - АЛЬТЕРНАТИВНАЯ ОТВЕТСТВЕННОСТЬ
Код отношения Составитель
Начальный элемент ввода Алексеева
Часть имени, кроме начального элемента ввода Н. А.
Дополнения к именам, кроме дат д-р экон. наук
Расширение инициалов личного имени Наталья Анатольевна
Системный номер авторитетной/нормативной записи 142316
Идентификатор авторитетной/нормативной записи RU\NLR\AUTH\770142352
701 #1 - ИМЯ ЛИЦА - АЛЬТЕРНАТИВНАЯ ОТВЕТСТВЕННОСТЬ
Начальный элемент ввода Соколов
Часть имени, кроме начального элемента ввода В. А.
Дополнения к именам, кроме дат канд. экон. наук, сельское хозяйство
Расширение инициалов личного имени Вячеслав Анатольевич
Системный номер авторитетной/нормативной записи 242786
Идентификатор авторитетной/нормативной записи RU\NLR\AUTH\770242842
701 #1 - ИМЯ ЛИЦА - АЛЬТЕРНАТИВНАЯ ОТВЕТСТВЕННОСТЬ
Начальный элемент ввода Миронова
Часть имени, кроме начального элемента ввода З. А.
Расширение инициалов личного имени Зинаида Алексеевна
712 02 - НАИМЕНОВАНИЕ ОРГАНИЗАЦИИ - ВТОРИЧНАЯ ОТВЕТСТВЕННОСТЬ
Код отношения Издающая организация
Начальный элемент ввода Ижевская государственная сельскохозяйственная академия
Системный номер авторитетной/нормативной записи 541947
Идентификатор авторитетной/нормативной записи RU\NLR\AUTH\8810021975
942 ## - ДОПОЛНИТЕЛЬНЫЕ ЭЛЕМЕНТЫ ЗАПИСИ (АБИС)
Тип экземпляра АБИС Книга
980 ## - КОЛЛЕКЦИЯ
Название коллекции Национальная библиография
Экземпляры
Тип экземпляра Дата поступления Источник поступления Библиотека постоянного хранения Библиотека текущего хранения Место хранения Шифр хранения Штрих-код Статус экземпляра
Книга 20.01.2023 Обязательный экземпляр РНБ (Московский) РНБ (Московский) Русский книжный фонд: издания с 1957 года 2023-4/350 1-4113799  
Книга 20.01.2023 Обязательный экземпляр РНБ (Московский) РНБ (Московский) Русский книжный фонд: издания с 1957 года 2023-4/350 1-4113804